[Event "POL-chT 2nd League"]
[Site "Jastrzebia Gora"]
[Date "2022.09.10"]
[Round "8.90"]
[White "Osinski, Emil"]
[Black "Kozlowski, Waldemar"]
[Result "1-0"]
[WhiteElo "2164"]
[BlackElo "2182"]
[PlyCount "23"]
[EventDate "2022.09.03"]
[EventType "team-swiss"]
[EventRounds "9"]
[EventCountry "POL"]
[SourceTitle "CBM 210 Extra"]
[Source "ChessBase"]
[SourceDate "2022.11.30"]
[SourceVersion "1"]
[SourceVersionDate "2022.11.30"]
[SourceQuality "1"]
[WhiteTeam "Wroclaw Hetman"]
[BlackTeam "Olsztyn Trzydziestka"]
[WhiteTeamCountry "POL"]
[BlackTeamCountry "POL"]

1. e4 c5 2. Nf3 e6 3. d4 cxd4 4. Nxd4 a6 5. Nc3 Qc7 6. g3 Nf6 7. Bg2 Be7 8. 0-0 0-0 9. Re1 d5 10. f4 Nc6 11. Nxc6 bxc6 12. e5 1-0

[Event "POL-chT 2nd League"]
[Site "Sypniewo"]
[Date "2021.09.11"]
[Round "8.12"]
[White "Bilczewski, Kacper"]
[Black "Osinski, Emil"]
[Result "1/2-1/2"]
[WhiteElo "2112"]
[BlackElo "2171"]
[PlyCount "32"]
[EventDate "2021.09.04"]
[EventType "team-swiss"]
[EventRounds "9"]
[EventCountry "POL"]
[SourceTitle "CBM 204 Extra"]
[Source "ChessBase"]
[SourceDate "2021.11.30"]
[SourceVersion "1"]
[SourceVersionDate "2021.11.30"]
[SourceQuality "1"]
[WhiteTeam "Rydultowy Ognisko"]
[BlackTeam "Wroclaw Hetman"]
[WhiteTeamCountry "POL"]
[BlackTeamCountry "POL"]

1. e4 c5 2. c3 d5 3. exd5 Qxd5 4. d4 Nc6 5. Nf3 Bf5 6. Be2 cxd4 7. cxd4 Bxb1 8. Rxb1 e6 9. 0-0 Nf6 10. Qa4 Bd6 11. Bg5 Ne4 12. Be3 a6 13. Ne5 b5 14. Bxb5 Qxb5 15. Qxb5 axb5 16. Nxc6 Rxa2 1/2-1/2

[Event "POL-chT 2nd League"]
[Site "Sypniewo"]
[Date "2021.09.04"]
[Round "1.8"]
[White "Kempinski, Tomasz"]
[Black "Osinski, Emil"]
[Result "1/2-1/2"]
[WhiteElo "2161"]
[BlackElo "2171"]
[PlyCount "56"]
[EventDate "2021.09.04"]
[EventType "team-swiss"]
[EventRounds "9"]
[EventCountry "POL"]
[SourceTitle "CBM 204 Extra"]
[Source "ChessBase"]
[SourceDate "2021.11.30"]
[SourceVersion "1"]
[SourceVersionDate "2021.11.30"]
[SourceQuality "1"]
[WhiteTeam "Zakrzewo Korona"]
[BlackTeam "Wroclaw Hetman"]
[WhiteTeamCountry "POL"]
[BlackTeamCountry "POL"]

1. d4 Nf6 2. Nf3 g6 3. Bf4 Bg7 4. e3 0-0 5. h3 d6 6. Bc4 c6 7. a4 Nbd7 8. 0-0 Ne4 9. Bd3 Ndf6 10. c4 d5 11. cxd5 cxd5 12. Nc3 Bf5 13. Ne2 Qb6 14. b3 a5 15. Ne5 Rfc8 16. Rb1 Nc3 17. Nxc3 Rxc3 18. Bxf5 gxf5 19. Nd3 Rac8 20. b4 axb4 21. Rxb4 Qc6 22. Ne5 Qa6 23. Bg5 R8c7 24. Bxf6 Bxf6 25. Nf3 R3c4 26. Qb1 Rxb4 27. Qxb4 Rc4 28. Qb3 e6 1/2-1/2

[Event "POL Cup op rapid"]
[Site "Lodz"]
[Date "2021.08.07"]
[Round "8"]
[White "Zielonka, Adam"]
[Black "Osinski, Emil"]
[Result "1/2-1/2"]
[WhiteElo "1777"]
[BlackElo "2171"]
[PlyCount "98"]
[EventDate "2021.08.07"]
[EventType "swiss (rapid)"]
[EventRounds "9"]
[EventCountry "POL"]
[SourceTitle "CBM 203 Extra"]
[Source "ChessBase"]
[SourceDate "2021.09.30"]
[SourceVersion "1"]
[SourceVersionDate "2021.09.30"]
[SourceQuality "1"]

1. Nf3 d6 2. c4 Nf6 3. Nc3 g6 4. g3 Bg7 5. Bg2 0-0 6. 0-0 c6 7. d4 Qc7 8. e4 Nfd7 9. Be3 e5 10. Qd2 Re8 11. Rfd1 a5 12. Rac1 Na6 13. d5 Bf8 14. Bh6 Be7 15. Bg5 Bf8 16. h4 Nac5 17. h5 Nb6 18. hxg6 hxg6 19. b3 Bg4 20. Bh6 Be7 21. Bg5 Red8 22. Re1 Bxf3 23. Bxf3 Bxg5 24. Qxg5 Nd3 25. Kg2 Nxe1+ 26. Rxe1 Kg7 27. Ne2 Rh8 28. g4 Qd8 29. Qe3 c5 30. Ng3 Qf6 31. a3 Nd7 32. Qc3 Qg5 33. b4 axb4 34. axb4 Ra4 35. Rb1 Rxb4 36. Rxb4 cxb4 37. Qxb4 Nc5 38. Qb6 Nd3 39. Qxd6 Ne1+ 40. Kf1 Nxf3 41. c5 Nd4 42. Nf5+ gxf5 43. Qxe5+ Qf6 44. Qg3 f4 45. Qc3 f3 46. Ke1 Rh1+ 47. Kd2 Qf4+ 48. Kd3 Rd1+ 49. Kc4 Rc1 1/2-1/2

[Event "Wroclaw Anderssen Memorial"]
[Site "Wroclaw"]
[Date "2021.07.31"]
[Round "4"]
[White "Osinski, Emil"]
[Black "Raczek, Krzysztof"]
[Result "1/2-1/2"]
[WhiteElo "2187"]
[BlackElo "1816"]
[PlyCount "80"]
[EventDate "2021.07.31"]
[EventType "swiss (rapid)"]
[EventRounds "9"]
[EventCountry "POL"]
[SourceTitle "CBM 203 Extra"]
[Source "ChessBase"]
[SourceDate "2021.09.30"]
[SourceVersion "1"]
[SourceVersionDate "2021.09.30"]
[SourceQuality "1"]

1. e4 c5 2. Nf3 d6 3. c3 Nf6 4. h3 e6 5. Bd3 Be7 6. 0-0 0-0 7. Bc2 Nc6 8. Re1 c4 9. b3 b5 10. a4 cxb3 11. Bxb3 b4 12. d4 bxc3 13. Nxc3 e5 14. Ba3 Rb8 15. Rb1 exd4 16. Nxd4 Bd7 17. Nxc6 Bxc6 18. e5 Ne8 19. exd6 Bxd6 20. Rxe8 Qg5 21. Rxf8+ Rxf8 22. Bd5 Bxd5 23. Qxd5 Qxd5 24. Nxd5 Bxa3 25. Rb7 Bc5 26. Rc7 Bd4 27. Rd7 Bc5 28. Rc7 Bd4 29. Ne7+ Kh8 30. Nc6 Bb6 31. Rd7 h6 32. a5 Bc5 33. Rd5 Ba3 34. Nxa7 Ra8 35. Rd7 Bc5 36. Nc6 Ra6 37. Ne5 Rxa5 38. Nxf7+ Kg8 39. Nd6 Ra1+ 40. Kh2 Rd1 1/2-1/2

[Event "POL-chT Academic"]
[Site "Chorzow"]
[Date "2021.05.16"]
[Round "8.16"]
[White "Paziak, Patryk"]
[Black "Osinski, Emil"]
[Result "1/2-1/2"]
[WhiteElo "1875"]
[BlackElo "2185"]
[PlyCount "94"]
[EventDate "2021.05.15"]
[EventType "team-swiss (rapid)"]
[EventRounds "9"]
[EventCountry "POL"]
[SourceTitle "CBM 202 Extra"]
[Source "ChessBase"]
[SourceDate "2021.07.31"]
[SourceVersion "1"]
[SourceVersionDate "2021.07.31"]
[SourceQuality "1"]
[WhiteTeam "Torun Kopernik Univ"]
[BlackTeam "Wroclaw Politechnik"]
[WhiteTeamCountry "POL"]
[BlackTeamCountry "POL"]

1. e4 c5 2. Nf3 e6 3. d4 cxd4 4. Nxd4 Nc6 5. Nb5 a6 6. Nd6+ Bxd6 7. Qxd6 Qe7 8. Qd3 Nf6 9. a3 d5 10. Nc3 Nxe4 11. Nxe4 dxe4 12. Qxe4 0-0 13. Bd3 f5 14. Qe2 e5 15. Bc4+ Be6 16. Be3 b5 17. Bxe6+ Qxe6 18. Bc5 Rfd8 19. 0-0 Rd5 20. b4 Rad8 21. Rfd1 Nd4 22. Bxd4 Rxd4 23. c3 R4d6 24. g3 e4 25. Rxd6 Qxd6 26. a4 Qd3 27. Qxd3 exd3 28. axb5 axb5 29. Rd1 d2 30. Kf1 Rd3 31. Ke2 Rxc3 32. Rxd2 Rb3 33. Rd5 Rxb4 34. Rxf5 Rb3 35. Kd2 g6 36. Rf4 Rb1 37. Kc2 Re1 38. h4 Re5 39. Kc3 Kg7 40. Kb4 h6 41. Ka5 g5 42. hxg5 hxg5 43. Rb4 Kg6 44. Rxb5 Re2 45. f4 gxf4 46. gxf4 Rf2 47. f5+ Rxf5 1/2-1/2

[Event "POL-chT Academic"]
[Site "Chorzow"]
[Date "2021.05.16"]
[Round "6.4"]
[White "Rudecki, Bartosz"]
[Black "Osinski, Emil"]
[Result "1/2-1/2"]
[WhiteElo "1846"]
[BlackElo "2185"]
[PlyCount "70"]
[EventDate "2021.05.15"]
[EventType "team-swiss (rapid)"]
[EventRounds "9"]
[EventCountry "POL"]
[SourceTitle "CBM 202 Extra"]
[Source "ChessBase"]
[SourceDate "2021.07.31"]
[SourceVersion "1"]
[SourceVersionDate "2021.07.31"]
[SourceQuality "1"]
[WhiteTeam "Warsaw Kozminski Academy"]
[BlackTeam "Wroclaw Politechnik"]
[WhiteTeamCountry "POL"]
[BlackTeamCountry "POL"]

1. e4 c5 2. Nf3 e6 3. d4 cxd4 4. Nxd4 Nc6 5. Nc3 Qc7 6. Be3 Nf6 7. a3 a6 8. Be2 b5 9. 0-0 Bb7 10. f4 Nxd4 11. Qxd4 Rc8 12. Bf3 Qc4 13. Qxc4 Rxc4 14. e5 Bxf3 15. Rxf3 Ne4 16. Nxe4 Rxe4 17. Kf2 d5 18. exd6 Bxd6 19. Rd1 Ke7 20. f5 Rc8 21. c3 e5 22. h3 Rec4 23. g4 e4 24. Bf4 Bc5+ 25. Re3 Rd8 26. Rxd8 Kxd8 27. Be5 f6 28. Bd4 Bxd4 29. cxd4 Rxd4 30. Kg3 Rd2 31. b4 Kd7 32. Kf4 Rd3 33. Kxe4 Rxe3+ 34. Kxe3 Kc6 35. Ke4 h6 1/2-1/2

[Event "POL-chT Academic"]
[Site "Chorzow"]
[Date "2021.05.15"]
[Round "3.22"]
[White "Osinski, Emil"]
[Black "Cieslak, Wiktoria"]
[Result "0-1"]
[WhiteElo "2185"]
[BlackElo "1997"]
[PlyCount "92"]
[EventDate "2021.05.15"]
[EventType "team-swiss (rapid)"]
[EventRounds "9"]
[EventCountry "POL"]
[SourceTitle "CBM 202 Extra"]
[Source "ChessBase"]
[SourceDate "2021.07.31"]
[SourceVersion "1"]
[SourceVersionDate "2021.07.31"]
[SourceQuality "1"]
[WhiteTeam "Wroclaw Politechnik"]
[BlackTeam "Katowice Slaski Univ"]
[WhiteTeamCountry "POL"]
[BlackTeamCountry "POL"]

1. e4 c5 2. Nf3 d6 3. Bb5+ Bd7 4. Bxd7+ Qxd7 5. 0-0 Nc6 6. Re1 e6 7. c3 Be7 8. d4 cxd4 9. cxd4 Nf6 10. Nc3 0-0 11. Bf4 Rac8 12. h3 a6 13. Qe2 Rfe8 14. Rad1 b5 15. e5 Nd5 16. Nxd5 exd5 17. e6 fxe6 18. Qxe6+ Qxe6 19. Rxe6 Kf7 20. Rde1 Bf6 21. Rxd6 Rxe1+ 22. Nxe1 Nxd4 23. Kh2 Ne2 24. Bg3 Nxg3 25. fxg3 Bxb2 26. Nd3 Bf6 27. Rxd5 Rc3 28. Nb4 a5 29. Na6 Ra3 30. Rd2 Be5 31. Rf2+ Kg6 32. Rc2 Bxg3+ 33. Kg1 Re3 34. Rc6+ Kf5 35. Rc1 b4 36. Nc5 Re2 37. Ra1 Be5 38. Rf1+ Kg6 39. Nd3 Bd4+ 40. Kh2 Rxa2 41. Nf4+ Kh6 42. Nd3 Rd2 43. Rf3 b3 44. Ne1 b2 45. Rb3 Rd1 46. Nf3 b1Q 0-1

[Event "POL-ch Academic"]
[Site "Chorzow"]
[Date "2021.05.15"]
[Round "8.13"]
[White "Ulanowski, Karol"]
[Black "Osinski, Emil"]
[Result "1/2-1/2"]
[WhiteElo "2151"]
[BlackElo "2185"]
[PlyCount "118"]
[EventDate "2021.05.14"]
[EventType "swiss (rapid)"]
[EventRounds "9"]
[EventCountry "POL"]
[SourceTitle "CBM 202 Extra"]
[Source "ChessBase"]
[SourceDate "2021.07.31"]
[SourceVersion "1"]
[SourceVersionDate "2021.07.31"]
[SourceQuality "1"]

1. e4 c5 2. Nf3 e6 3. d4 cxd4 4. Nxd4 Nc6 5. Nc3 Qc7 6. Be2 Nf6 7. 0-0 a6 8. Kh1 Nxd4 9. Qxd4 Bc5 10. Qd3 b5 11. a3 Bb7 12. f4 d5 13. e5 Nd7 14. Bf3 0-0 15. Bd2 Rac8 16. Ne2 f6 17. exf6 Nxf6 18. Bc3 Bd6 19. Rae1 Rce8 20. Bb4 Bxb4 21. axb4 e5 22. fxe5 Qxe5 23. c3 Ne4 24. Kg1 Re7 25. Qd4 Rfe8 26. Qxe5 Rxe5 27. Rd1 Nd6 28. Nf4 Nc4 29. Bxd5+ Bxd5 30. Rxd5 Nxb2 31. Rd6 Na4 32. Rf3 Rc8 33. Rxa6 Nxc3 34. Ra7 Ne4 35. h3 Nf6 36. Rg3 Ne8 37. h4 Re4 38. Nh5 g6 39. Rg5 Rc1+ 40. Kf2 Rc2+ 41. Kf3 Rce2 42. Ng3 R4e3+ 43. Kg4 Rxg2 44. Kf4 Re6 45. h5 Rf2+ 46. Kg4 Nf6+ 47. Kh3 Ne4 48. Nxe4 Rxe4 49. hxg6 Re3+ 50. Kh4 Rh2+ 51. Kg4 Rg2+ 52. Kf4 Rxg5 53. gxh7+ Kh8 54. Kxg5 Re1 55. Kf5 Rb1 56. Kg6 Rg1+ 57. Kh6 Rh1+ 58. Kg6 Rg1+ 59. Kf6 Rb1 1/2-1/2

[Event "Wroclaw op"]
[Site "Wroclaw"]
[Date "2018.08.01"]
[Round "5"]
[White "Kucza, Karol"]
[Black "Osinski, Emil"]
[Result "1/2-1/2"]
[WhiteElo "2308"]
[BlackElo "2137"]
[PlyCount "43"]
[EventDate "2018.07.30"]
[EventType "swiss"]
[EventRounds "9"]
[EventCountry "POL"]
[SourceTitle "CBM 185 Extra"]
[Source "ChessBase"]
[SourceDate "2018.07.29"]
[SourceVersion "1"]
[SourceVersionDate "2018.07.29"]
[SourceQuality "1"]

1. e4 e6 2. d4 b6 3. Nc3 Bb7 4. Nge2 Nf6 5. e5 Nd5 6. Nxd5 Bxd5 7. Nf4 d6 8. Nxd5 exd5 9. Bd3 dxe5 10. dxe5 g6 11. Qe2 Bg7 12. Bd2 Qe7 13. 0-0-0 0-0 14. f4 Nc6 15. Rde1 Nb4 16. Kb1 Nxd3 17. Qxd3 Qd7 18. Rhf1 Rae8 19. Bc3 c5 20. f5 gxf5 21. Rxf5 Re6 22. Rh5 1/2-1/2

[Event "Wroclaw op"]
[Site "Wroclaw"]
[Date "2018.07.31"]
[Round "2"]
[White "Osinski, Emil"]
[Black "Pawicka, Magdalena"]
[Result "1-0"]
[WhiteElo "2137"]
[BlackElo "1718"]
[PlyCount "62"]
[EventDate "2018.07.30"]
[EventType "swiss"]
[EventRounds "9"]
[EventCountry "POL"]
[SourceTitle "CBM 185 Extra"]
[Source "ChessBase"]
[SourceDate "2018.07.29"]
[SourceVersion "1"]
[SourceVersionDate "2018.07.29"]
[SourceQuality "1"]

1. e4 e5 2. Nf3 Nc6 3. d4 exd4 4. Bc4 Nf6 5. 0-0 Nxe4 6. Re1 d5 7. Bxd5 Qxd5 8. Nc3 Qa5 9. Nxe4 Be6 10. Neg5 0-0-0 11. Nxe6 fxe6 12. Ng5 Bb4 13. Rxe6 Rhe8 14. Qg4 Kb8 15. Bf4 Bd2 16. h4 Bxf4 17. Qxf4 h6 18. Qe4 Ne5 19. Nf7 Rxe6 20. Nxd8 Rb6 21. f4 Kc8 22. fxe5 Kxd8 23. Qxd4+ Ke7 24. Rd1 Qb5 25. Qd8+ Ke6 26. Qg8+ Kxe5 27. Qxg7+ Kf5 28. g4+ Ke6 29. Re1+ Kd6 30. Qe7+ Kc6 31. Re6+ Kd5 1-0

[Event "POL-ch U18"]
[Site "Szklarska Poreba"]
[Date "2016.03.20"]
[Round "9"]
[White "Zarnowski, Krzysztof"]
[Black "Osinski, Emil"]
[Result "1/2-1/2"]
[WhiteElo "1940"]
[BlackElo "2017"]
[PlyCount "112"]
[EventDate "2016.03.13"]
[EventType "swiss"]
[EventRounds "9"]
[EventCountry "POL"]
[SourceTitle "EXT 2018"]
[Source "ChessBase"]
[SourceDate "2017.10.13"]
[SourceVersion "1"]
[SourceVersionDate "2017.10.13"]
[SourceQuality "1"]

1. d4 d6 2. c4 Nf6 3. Nc3 Nbd7 4. e4 e5 5. d5 g6 6. Bg5 Bg7 7. Be2 h6 8. Be3 0-0 9. Qd2 Kh7 10. g4 Nc5 11. f3 a5 12. 0-0-0 Ne8 13. h4 Bd7 14. Nb5 Qc8 15. h5 g5 16. Kb1 Bf6 17. Nh3 Be7 18. Nf2 Qb8 19. Rc1 Nf6 20. Rhd1 b6 21. Nh1 Ne8 22. Ng3 Ng7 23. Qc3 Qb7 24. b3 Ra6 25. Kc2 f6 26. Kd2 Kg8 27. Ke1 Kf7 28. Kf2 Rfa8 29. Ra1 Ke8 30. Rd2 Kd8 31. Bd1 Ke8 32. a3 Bxb5 33. cxb5 R6a7 34. Rda2 Bd8 35. Qc4 Ke7 36. Bd2 Ke8 37. Nf1 Ke7 38. Ne3 Ke8 39. Bc2 Kf7 40. b4 axb4 41. axb4 Nd7 42. Bd3 Rxa2 43. Rxa2 Rxa2 44. Qxa2 Nb8 45. Nc4 Ne8 46. Be3 Ke7 47. Qa4 Ng7 48. Ke1 Ne8 49. Kd2 Ng7 50. Kc3 Ne8 51. Nd2 Kd7 52. Bc4 Kc8 53. Nb3 Nd7 54. Qa6 Nb8 55. Qa4 Nd7 56. Qa2 Be7 1/2-1/2

[Event "Golden Rook op 56th"]
[Site "Chotowa"]
[Date "2014.06.10"]
[Round "3"]
[White "Lach, Piotr"]
[Black "Osinski, Emil"]
[Result "1-0"]
[WhiteElo "2164"]
[BlackElo "1918"]
[PlyCount "116"]
[EventDate "2014.06.08"]
[EventType "team-swiss"]
[EventRounds "9"]
[EventCountry "POL"]
[SourceTitle "EXT 2015"]
[Source "ChessBase"]
[SourceDate "2014.11.20"]
[SourceVersion "1"]
[SourceVersionDate "2014.11.20"]
[SourceQuality "1"]

1. e4 c5 2. Nf3 e6 3. d4 cxd4 4. Nxd4 Nc6 5. Nb5 d6 6. Bf4 e5 7. Be3 Nf6 8. Bg5 a6 9. N5c3 Be7 10. Nd2 b5 11. Bxf6 Bxf6 12. a4 b4 13. Nd5 Be6 14. Nc4 Nd4 15. Nxb4 a5 16. Nd5 Bxd5 17. exd5 Rb8 18. Bd3 0-0 19. 0-0 Qc7 20. Re1 Rfe8 21. f3 Bg5 22. Kh1 f5 23. b3 Re7 24. Rb1 Rbe8 25. c3 e4 26. Bf1 Bh4 27. Qxd4 Bxe1 28. Rxe1 exf3 29. Rxe7 fxg2+ 30. Bxg2 Qxe7 31. h3 Qg5 32. Qf2 Qf6 33. Qf4 Qxc3 34. Qxd6 Qd4 35. Kh2 h6 36. Qg6 Qf4+ 37. Qg3 Qd4 38. Qg6 Qf4+ 39. Qg3 Qd4 40. Nd6 f4 41. Qg6 Re1 42. Qf7+ Kh7 43. Be4+ Rxe4 44. Qf5+ Kh8 45. Qxe4 Qb2+ 46. Qg2 Qxb3 47. Nf5 g5 48. Qd2 Kh7 49. d6 Kg6 50. Ne7+ Kh5 51. Nf5 Kg6 52. d7 Kxf5 53. d8Q Qg3+ 54. Kh1 Qxh3+ 55. Kg1 Qg3+ 56. Qg2 Qe1+ 57. Kh2 Kg6 58. Qd6+ Kh5 1-0

[Event "Golden Rook op 56th"]
[Site "Chotowa"]
[Date "2014.06.09"]
[Round "1"]
[White "Chojnacki, Krzysztof"]
[Black "Osinski, Emil"]
[Result "1-0"]
[WhiteElo "2405"]
[BlackElo "1918"]
[PlyCount "65"]
[EventDate "2014.06.08"]
[EventType "team-swiss"]
[EventRounds "9"]
[EventCountry "POL"]
[SourceTitle "EXT 2015"]
[Source "ChessBase"]
[SourceDate "2014.11.20"]
[SourceVersion "1"]
[SourceVersionDate "2014.11.20"]
[SourceQuality "1"]

1. d4 d5 2. c4 e6 3. Nc3 Nf6 4. cxd5 exd5 5. Bg5 Be7 6. e3 0-0 7. Bd3 c6 8. Qc2 h6 9. Bxf6 Bxf6 10. Nf3 Be6 11. 0-0-0 b5 12. Bh7+ Kh8 13. Bf5 Nd7 14. Kb1 Nb6 15. Bxe6 fxe6 16. Ne2 Nc4 17. Nf4 Re8 18. h4 c5 19. g4 cxd4 20. exd4 Rc8 21. Qd3 b4 22. g5 Na3+ 23. bxa3 Rc3 24. Qe2 bxa3 25. Ka1 Qb6 26. Nxd5 Qc6 27. gxf6 exd5 28. fxg7+ Kg8 29. Ne5 Qb6 30. Qd2 Rec8 31. Rb1 Rc2 32. Rxb6 Rxd2 33. Rb3 1-0

[Event "Polanica Zdroj op-D 49th"]
[Site "Polanica Zdroj"]
[Date "2013.08.24"]
[Round "8"]
[White "Bajkowski, Marcin"]
[Black "Osinski, Emil"]
[Result "1/2-1/2"]
[WhiteElo "1831"]
[BlackElo "1833"]
[PlyCount "122"]
[EventDate "2013.08.17"]
[EventType "swiss"]
[EventRounds "9"]
[EventCountry "POL"]
[SourceTitle "EXT 2014"]
[Source "ChessBase"]
[SourceDate "2013.11.20"]
[SourceVersion "1"]
[SourceVersionDate "2013.11.20"]
[SourceQuality "1"]

1. Nf3 c5 2. c4 Nc6 3. Nc3 g6 4. g3 Bg7 5. Bg2 Nf6 6. 0-0 0-0 7. d3 a6 8. Rb1 Rb8 9. a3 b5 10. cxb5 axb5 11. b4 cxb4 12. axb4 d5 13. Bf4 Rb6 14. Qd2 d4 15. Na2 Nd5 16. Bh6 e5 17. Bxg7 Kxg7 18. Rfc1 Qd6 19. e3 Nf6 20. exd4 Nxd4 21. Nxd4 Qxd4 22. Qc3 Be6 23. Qxd4 exd4 24. Rc2 Ra6 25. Nc1 Ra3 26. Rc5 Rb8 27. Bc6 Rc3 28. Ne2 Rxd3 29. Bxb5 Rd2 30. Nf4 Bf5 31. Re1 Ne4 32. Re5 Kf6 33. Rd5 Nc3 34. Rd6+ Kg7 35. Bd7 Bc2 36. Bc6 Rxb4 37. Re7 Rd1+ 38. Kg2 Rbb1 39. Bd7 Ne4 40. Rc6 Rg1+ 41. Kh3 Ng5+ 42. Kg4 Ba4 43. Kxg5 Bxc6 44. Bxc6 h6+ 45. Kg4 Rge1 46. Rd7 Re5 47. Rxd4 Rb6 48. Ba4 Ra5 49. h4 h5+ 50. Kf3 Ra7 51. Nh3 Rf6+ 52. Kg2 Rb7 53. Rd7 Rxd7 54. Bxd7 Rd6 55. Bb5 Rb6 56. Bd3 Rd6 57. Be4 Ra6 58. Ng5 Ra3 59. Bd5 f6 60. Ne6+ Kh6 61. Nf4 g5 1/2-1/2

[Event "Kochan Memorial op 23rd"]
[Site "Koszalin"]
[Date "2012.08.17"]
[Round "8"]
[White "Karwowski, Kacper"]
[Black "Osinski, Emil"]
[Result "1/2-1/2"]
[WhiteElo "1864"]
[BlackElo "1839"]
[PlyCount "52"]
[EventDate "2012.08.11"]
[EventType "swiss"]
[EventRounds "9"]
[EventCountry "POL"]
[SourceTitle "CBM 149 Extra"]
[Source "ChessBase"]
[SourceDate "2012.08.24"]
[SourceVersion "1"]
[SourceVersionDate "2012.08.24"]
[SourceQuality "1"]

1. e4 c5 2. Nf3 e6 3. d4 cxd4 4. Nxd4 Nc6 5. Nc3 Qc7 6. Be3 a6 7. Be2 Nf6 8. 0-0 b5 9. Nxc6 dxc6 10. f4 Be7 11. Bf3 Bb7 12. g4 h6 13. Ne2 c5 14. Ng3 Nd7 15. c3 Bc6 16. e5 0-0 17. Qc2 c4 18. Bxc6 Qxc6 19. Qe4 Qc7 20. Rfd1 Rad8 21. Qf3 Nc5 22. Bxc5 Bxc5+ 23. Kg2 Rxd1 24. Rxd1 Rd8 25. Rxd8+ Qxd8 26. Ne4 Qd5 1/2-1/2

[Event "Kochan Memorial op 23rd"]
[Site "Koszalin"]
[Date "2012.08.14"]
[Round "4"]
[White "Osinski, Emil"]
[Black "Bartoszewicz, Marcin"]
[Result "0-1"]
[WhiteElo "1839"]
[BlackElo "1908"]
[PlyCount "128"]
[EventDate "2012.08.11"]
[EventType "swiss"]
[EventRounds "9"]
[EventCountry "POL"]
[SourceTitle "CBM 149 Extra"]
[Source "ChessBase"]
[SourceDate "2012.08.24"]
[SourceVersion "1"]
[SourceVersionDate "2012.08.24"]
[SourceQuality "1"]

1. e4 c5 2. Nf3 d6 3. d4 cxd4 4. Nxd4 Nf6 5. Nc3 a6 6. Bg5 e6 7. f4 Be7 8. Qf3 Qc7 9. g4 h6 10. Bxf6 Bxf6 11. 0-0-0 Nd7 12. h4 g6 13. Bg2 Be7 14. g5 hxg5 15. hxg5 Rxh1 16. Rxh1 Nf8 17. Kb1 b5 18. Qg3 b4 19. Nce2 e5 20. Nf3 Be6 21. fxe5 dxe5 22. Qxe5 Qxe5 23. Nxe5 Bxg5 24. Nc6 Be7 25. Nxe7 Kxe7 26. Nd4 Bd7 27. Kc1 Ne6 28. Nxe6 Bxe6 29. b3 Rd8 30. Bf1 a5 31. Bd3 Kf6 32. Kd2 Ke5 33. Ke3 Rg8 34. Rg1 f6 35. Rg3 g5 36. Be2 Rh8 37. Bf3 Rh2 38. Bg2 Rh4 39. Bf3 Rh2 40. Bg2 Bd7 41. Kd3 Bc6 42. Ke3 Rh4 43. Bf3 Bxe4 44. Bxe4 Rxe4+ 45. Kd3 Rd4+ 46. Ke2 g4 47. c3 Re4+ 48. Kf2 bxc3 49. Rxc3 Kf4 50. a3 Rd4 51. Rc5 f5 52. Rxa5 Rd2+ 53. Kg1 Ke4 54. Rc5 g3 55. a4 f4 56. Rc8 Kf3 57. Rc3+ Kg4 58. Rc4 Kh3 59. Rxf4 Rd1+ 60. Rf1 Rxf1+ 61. Kxf1 Kh2 62. Ke2 g2 63. Kd3 g1Q 64. Kc4 Qb6 0-1